000 00779nam a2200205Ii 4500
003 JO-AjNU
008 230605s9999||||xx |||||||||||||| ||und||
040 _aJO-AjNU
_bara
_erda
_cJO-AjNU
041 _aara
050 1 4 _aDT107.83.Q48 1985
100 3 _aاعداد جرجيس، ناصر,
_eauthor
_942535
245 0 0 _aالقصة الكاملة دقيقة بدقيقة لثورة 23 يوليو 1952 في مصر بأقلام الضباط الأحرار في مصر
250 _aط1
264 3 1 _aبغداد: المكتبة العالمية، 1985
300 _a135ص
_bصور توضيحية
336 _atext
_btxt
_2rdacontent
337 _aunmediated
_bn
_2rdamedia
338 _avolume
_bnc
_2rdacarrier
650 4 _aثورة 23 يوليو 1952-مصر-تاريخ
_942536
999 _aA18220
_c21788
_d21788